[Event "Araraquara op 2nd"]
[Site "Araraquara"]
[Date "2024.02.12"]
[Round "6"]
[White "Ohara, Matheus Kendi"]
[Black "Serra, Kelvin Ribeiro"]
[Result "1/2-1/2"]
[WhiteElo "1856"]
[BlackElo "1705"]
[PlyCount "63"]
[EventDate "2024.02.10"]
[EventType "swiss"]
[EventRounds "7"]
[EventCountry "BRA"]
[SourceTitle "CB09_2024"]
[SourceDate "2024.02.28"]
[SourceVersion "1"]
[SourceVersionDate "2024.02.28"]
[SourceQuality "1"]

1. e4 c5 2. c3 Nf6 3. e5 Nd5 4. Nf3 Nc6 5. Bc4 Nb6 6. Bb3 c4 7. Bc2 d5 8. exd6 Qxd6 9. 0-0 Bg4 10. b3 Ne5 11. Be4 0-0-0 12. Qe2 Nxf3+ 13. Bxf3 Bxf3 14. Qxf3 Qd5 15. Qe3 e5 16. bxc4 Nxc4 17. Qxa7 Bc5 18. Qa8+ Kc7 19. Qa4 h5 20. d4 exd4 21. Bf4+ Bd6 22. Bxd6+ Rxd6 23. cxd4 Rg6 24. g3 h4 25. Nc3 Qf3 26. Nb5+ Kb8 27. Qa7+ Kc8 28. Qa8+ Kd7 29. Qxh8 Ne3 30. fxe3 Rxg3+ 31. hxg3 Qxg3+ 32. Kh1 1/2-1/2

[Event "Hebraica op 31st"]
[Site "Hebraica"]
[Date "2023.07.01"]
[Round "4"]
[White "Silva, Kaua Marques"]
[Black "Ohara, Matheus Kendi"]
[Result "1-0"]
[WhiteElo "2215"]
[BlackElo "1790"]
[PlyCount "185"]
[EventDate "2023.06.30"]
[EventType "swiss"]
[EventRounds "6"]
[EventCountry "BRA"]
[SourceTitle "CBM 215 Extra"]
[Source "ChessBase"]
[SourceDate "2023.09.30"]
[SourceVersion "1"]
[SourceVersionDate "2023.09.30"]
[SourceQuality "1"]

1. d4 Nf6 2. c4 g6 3. Nc3 d5 4. cxd5 Nxd5 5. Bd2 Nb6 6. e3 Bg7 7. f4 0-0 8. Nf3 Be6 9. Be2 Bc4 10. 0-0 N8d7 11. a4 c5 12. a5 Bxe2 13. Qxe2 cxd4 14. Nxd4 Nc8 15. a6 bxa6 16. Nc6 Qb6 17. Rxa6 Qxb2 18. Rb1 Qc2 19. Rc1 Qb2 20. Nd5 Nb8 21. Nxb8 Rxb8 22. Rxc8 Rfxc8 23. Nxe7+ Kh8 24. Nxc8 Rxc8 25. Qd3 Bf6 26. Rxa7 Rd8 27. Rd7 Rxd7 28. Qxd7 Qb3 29. Kf2 Kg7 30. Ke2 Qb2 31. Qd3 Qa1 32. Be1 Qc1 33. Qd2 Qc6 34. Kf1 Qc4+ 35. Qe2 Qe4 36. Qf3 Qd3+ 37. Kg1 Qb1 38. Kf2 Qc2+ 39. Kg3 h5 40. h3 Qb1 41. Bf2 Qh1 42. e4 Be7 43. Qc3+ Kh7 44. Qb3 Kg8 45. Qa4 Bf6 46. e5 Bg7 47. Qa8+ Kh7 48. Qd5 Kg8 49. h4 Qc1 50. Qd3 Qc8 51. Kh2 Qg4 52. Bg3 Kh7 53. Qd8 Qf5 54. Qg5 Qxg5 55. hxg5 Bf8 56. Bf2 Bb4 57. Kg3 Kg7 58. Kf3 Kf8 59. Ke4 Ke7 60. f5 Bd2 61. Bc5+ Ke8 62. fxg6 fxg6 63. Be3 Bc3 64. Kd5 Ke7 65. Bc1 Kd7 66. Bf4 Ke7 67. e6 Ke8 68. Bc1 Ke7 69. Be3 Ke8 70. Kd6 Bb2 71. Bd2 Bd4 72. e7 Bb2 73. Ke6 h4 74. Be1 Bd4 75. Kd6 Bb2 76. Ke6 Bd4 77. Bb4 Bb2 78. Bd6 Ba3 79. Ke5 Bb2+ 80. Kf4 Bd4 81. Kg4 Bf2 82. Bb4 Kf7 83. Kf4 Bg3+ 84. Ke4 Bf2 85. Bd6 Be1 86. Ke5 Bd2 87. e8Q+ Kxe8 88. Kf6 Kd7 89. Bc5 Bc3+ 90. Kxg6 Ke6 91. Bf2 Ke7 92. Bxh4 Kf8 93. Kh7 1-0

[Event "Mogi Guacu op"]
[Site "Mogi Guacu"]
[Date "2022.09.23"]
[Round "1"]
[White "Ohara, Matheus Kendi"]
[Black "De Andrade, Raphael Silva"]
[Result "1-0"]
[WhiteElo "1797"]
[BlackElo "1800"]
[PlyCount "61"]
[EventDate "2022.09.23"]
[EventType "swiss"]
[EventRounds "6"]
[EventCountry "BRA"]
[SourceTitle "EXT 2023"]
[Source "ChessBase"]
[SourceDate "2022.10.05"]
[SourceVersion "1"]
[SourceVersionDate "2022.10.05"]
[SourceQuality "1"]

1. e4 Nf6 2. e5 Nd5 3. d4 d6 4. Nf3 g6 5. Bc4 Nb6 6. Bb3 Bg7 7. 0-0 0-0 8. Re1 Nc6 9. e6 fxe6 10. c3 d5 11. a4 a5 12. Nbd2 Qd6 13. Qe2 Nd8 14. c4 dxc4 15. Nxc4 Nxc4 16. Qxc4 Ra6 17. Bg5 Bf6 18. Bh6 Bg7 19. Bg5 Rf5 20. Bh4 Rc6 21. Qd3 Qf4 22. Bxe7 Bf6 23. d5 Ra6 24. dxe6 Bxe7 25. Qxd8+ Bxd8 26. e7+ Kg7 27. exd8Q Rf8 28. Qe7+ Kh6 29. Re4 Qf5 30. Rh4+ Qh5 31. Qxf8# 1-0

[Event "BRA-ch U2000 Amateurs"]
[Site "Sao Paulo"]
[Date "2022.06.17"]
[Round "3"]
[White "De Paula, Bruno Cesar Lima"]
[Black "Ohara, Matheus Kendi"]
[Result "0-1"]
[WhiteElo "1513"]
[BlackElo "1745"]
[PlyCount "77"]
[EventDate "2022.06.16"]
[EventType "swiss"]
[EventRounds "7"]
[EventCountry "BRA"]
[SourceTitle "CBM 208 Extra"]
[Source "ChessBase"]
[SourceDate "2022.07.31"]
[SourceVersion "1"]
[SourceVersionDate "2022.07.31"]
[SourceQuality "1"]

1. e4 e5 2. Nf3 Nc6 3. Bc4 Bc5 4. b4 Bxb4 5. c3 Be7 6. Qb3 Nh6 7. d4 Na5 8. Qa4 Nxc4 9. Qxc4 d6 10. Bxh6 gxh6 11. dxe5 Rg8 12. Nbd2 Rxg2 13. 0-0-0 Be6 14. Qf1 Rg6 15. Nd4 Bxa2 16. Qb5+ Kf8 17. f4 dxe5 18. f5 Ba3+ 19. Kc2 Rb6 20. Qxe5 f6 21. Qa5 Rb2+ 22. Kd3 Qd6 23. Ke3 Qc5 24. Qxc5+ Bxc5 25. Rhg1 a5 26. Rg2 Bf7 27. Kf4 Rd8 28. Ne6+ Bxe6 29. fxe6 Bd6+ 30. Kf5 Rb5+ 31. e5 Rxe5+ 32. Kg4 Ke7 33. Kf3 Bc5 34. Rg7+ Kxe6 35. Rxc7 Be3 36. Kg4 h5+ 37. Kf3 Bb6 38. Kf4 Bxc7 39. Ne4 0-1

[Event "Sao Paulo Hebraica op 27th"]
[Site "Sao Paulo"]
[Date "2020.01.12"]
[Round "6"]
[White "Dias, Joao Batista de Sou"]
[Black "Ohara, Matheus Kendi"]
[Result "0-1"]
[WhiteElo "1895"]
[BlackElo "1743"]
[PlyCount "48"]
[EventDate "2020.01.10"]
[EventType "swiss"]
[EventRounds "6"]
[EventCountry "BRA"]
[SourceTitle "CBM 194 Extra"]
[Source "ChessBase"]
[SourceDate "2020.03.31"]
[SourceVersion "1"]
[SourceVersionDate "2020.03.31"]
[SourceQuality "1"]

1. e4 e5 2. Nf3 Nc6 3. d4 exd4 4. Nxd4 Nf6 5. Nc3 Bb4 6. Qd3 Bxc3+ 7. bxc3 0-0 8. Be2 Re8 9. f3 Ne5 10. Qd1 d5 11. exd5 Nxd5 12. Bd2 c5 13. Nb3 Nxf3+ 14. gxf3 Qh4+ 15. Kf1 Bh3+ 16. Kg1 Nxc3 17. Bxc3 Qg5+ 18. Kf2 Qg2+ 19. Ke1 Qxh1+ 20. Kd2 Rad8+ 21. Nd4 Qxh2 22. Ke1 Qg1+ 23. Kd2 Qe3+ 24. Ke1 Qxc3+ 0-1

[Event "Sao Paulo op-B U2050 8th"]
[Site "Sao Paulo"]
[Date "2019.10.20"]
[Round "6"]
[White "Ohara, Matheus Kendi"]
[Black "Correa, Joao Pedro Vieira"]
[Result "0-1"]
[WhiteElo "1684"]
[BlackElo "1604"]
[PlyCount "110"]
[EventDate "2019.10.17"]
[EventType "swiss"]
[EventRounds "6"]
[EventCountry "BRA"]
[SourceTitle "CBM 192 Extra"]
[Source "Chessbase"]
[SourceDate "2019.11.06"]
[SourceVersion "1"]
[SourceVersionDate "2019.11.06"]
[SourceQuality "1"]

1. e4 c5 2. Nf3 d6 3. d4 cxd4 4. Nxd4 Nf6 5. Nc3 a6 6. h3 e5 7. Nde2 h5 8. g3 Nbd7 9. Bg2 b5 10. a3 Bb7 11. 0-0 Qc7 12. Bg5 Be7 13. Qd2 0-0 14. g4 hxg4 15. hxg4 Rfe8 16. Bf3 Nb6 17. Bxf6 Bxf6 18. b3 Rac8 19. Kg2 Qe7 20. Rh1 Bg5 21. Qd3 g6 22. Rh2 Kg7 23. Rah1 Rh8 24. Rxh8 Rxh8 25. Rxh8 Kxh8 26. a4 b4 27. Nd5 Bxd5 28. exd5 Qb7 29. c3 Nd7 30. Qc4 a5 31. cxb4 Qxb4 32. Qxb4 axb4 33. Ng3 Nc5 34. Ne4 Nxe4 35. Bxe4 Bd8 36. Kf3 Kg7 37. Ke3 Bb6+ 38. Kd3 Bxf2 39. Kc4 Bc5 40. Kb5 Kf6 41. Kc6 Kg5 42. Bf3 Kf4 43. Be2 Ke3 44. Bd1 f5 45. gxf5 gxf5 46. a5 f4 47. a6 e4 48. Bg4 f3 49. a7 Bxa7 50. Kxd6 Bb6 51. Ke5 Bc7+ 52. Kf5 Bd6 53. Bh3 f2 54. Bf1 Kf3 55. Bh3 e3 0-1

[Event "Sao Paulo op-B U2050 8th"]
[Site "Sao Paulo"]
[Date "2019.10.17"]
[Round "1"]
[White "Jorge, Denrick Cabral Jose"]
[Black "Ohara, Matheus Kendi"]
[Result "0-1"]
[WhiteElo "1880"]
[BlackElo "1684"]
[PlyCount "110"]
[EventDate "2019.10.17"]
[EventType "swiss"]
[EventRounds "6"]
[EventCountry "BRA"]
[SourceTitle "CBM 192 Extra"]
[Source "Chessbase"]
[SourceDate "2019.11.06"]
[SourceVersion "1"]
[SourceVersionDate "2019.11.06"]
[SourceQuality "1"]

1. e4 e5 2. Nf3 Nc6 3. Bc4 Bc5 4. d3 Nf6 5. 0-0 d6 6. c3 Bg4 7. b4 Bb6 8. Re1 0-0 9. Bg5 h6 10. Bh4 g5 11. Bg3 Qd7 12. Nbd2 Nh5 13. Nf1 Nf4 14. Ne3 Ne7 15. a4 Bxe3 16. fxe3 Nh5 17. Bf2 Nf6 18. Qc2 Bxf3 19. gxf3 Qh3 20. Bg3 Ng6 21. Qg2 Qxg2+ 22. Kxg2 Nh5 23. Bf2 Kg7 24. d4 Rae8 25. Rh1 f5 26. exf5 Rxf5 27. dxe5 Nxe5 28. Be2 Ref8 29. h4 gxh4 30. f4 Ng6 31. Bg4 Rd5 32. c4 Nhxf4+ 33. exf4 Rd2 34. f5 Ne5 35. Rxh4 Nd3 36. Rf1 h5 37. Bh3 Kf6 38. Kg1 Rg8+ 39. Bg2 Ne5 40. Kh1 Ng4 41. Bxa7 b6 42. Bf3 Kg5 43. Bd5 Re8 44. Rxg4+ Kxg4 45. f6 Kh3 46. Bg2+ Rxg2 47. f7 Rf8 48. a5 Rg7 49. axb6 cxb6 50. Bxb6 Rgxf7 51. Rxf7 Rxf7 52. Kg1 Kg3 53. c5 h4 54. cxd6 h3 55. d7 h2+ 0-1

[Event "BRA-ch Amateur U1800"]
[Site "Sao Paulo"]
[Date "2017.10.14"]
[Round "5"]
[White "Da Rosa, Henrique Jaze Simoe"]
[Black "Ohara, Matheus Kendi"]
[Result "0-1"]
[WhiteElo "1533"]
[BlackElo "1670"]
[PlyCount "54"]
[EventDate "2017.10.12"]
[EventType "swiss"]
[EventRounds "7"]
[EventCountry "BRA"]
[SourceTitle "EXT 2019"]
[Source "ChessBase"]
[SourceDate "2018.10.10"]
[SourceVersion "1"]
[SourceVersionDate "2018.10.10"]
[SourceQuality "1"]

1. Nf3 d5 2. b3 Nf6 3. Bb2 e6 4. e3 c5 5. d4 Nc6 6. Bd3 Be7 7. Nbd2 0-0 8. 0-0 Bd7 9. c4 Rc8 10. Rc1 cxd4 11. Nxd4 Nxd4 12. Bxd4 Bc6 13. Qe2 b6 14. Bb2 Re8 15. Nf3 Nd7 16. cxd5 Bxd5 17. Bb5 Rxc1 18. Rxc1 a6 19. Bxa6 Bf6 20. Bd3 Qa8 21. Bb1 Bxf3 22. Qxf3 Qxf3 23. gxf3 Be5 24. Bxe5 Nxe5 25. Kg2 h6 26. Rc7 Kf8 27. Rb7 Ra8 0-1

[Event "BRA-ch Amateur U1800"]
[Site "Sao Paulo"]
[Date "2017.10.12"]
[Round "1"]
[White "Ohara, Matheus Kendi"]
[Black "De Paiva, Ricardo Carisio Bat"]
[Result "0-1"]
[WhiteElo "1670"]
[BlackElo "1793"]
[PlyCount "116"]
[EventDate "2017.10.12"]
[EventType "swiss"]
[EventRounds "7"]
[EventCountry "BRA"]
[SourceTitle "EXT 2019"]
[Source "ChessBase"]
[SourceDate "2018.10.10"]
[SourceVersion "1"]
[SourceVersionDate "2018.10.10"]
[SourceQuality "1"]

1. e4 e5 2. Nf3 Nc6 3. Bb5 Bc5 4. c3 Nf6 5. 0-0 Nxe4 6. d4 exd4 7. cxd4 Be7 8. d5 Nb8 9. Qd3 Nc5 10. Qc2 0-0 11. Be3 d6 12. b4 Ncd7 13. Bd3 f5 14. Nd4 Ne5 15. Bxf5 Bxf5 16. Nxf5 Bf6 17. Nd4 Qd7 18. Nd2 Na6 19. a3 c5 20. dxc6 Nxc6 21. N2f3 Rac8 22. Qb3+ d5 23. Rac1 Nxd4 24. Nxd4 b6 25. Rfd1 Bxd4 26. Bxd4 Rxc1 27. Rxc1 Nc7 28. Be5 Ne6 29. Rd1 Rd8 30. Kf1 Kh8 31. a4 a6 32. b5 Nc5 33. Qb4 a5 34. Qd4 Qb7 35. h4 h6 36. Qf4 Kg8 37. g4 Ne6 38. Qf5 Qf7 39. Qc2 Qf3 40. Rd3 Qxg4 41. Rg3 Qc4+ 42. Qxc4 dxc4 43. Rc3 Rd5 44. Re3 Kf7 45. Bg3 Rd1+ 46. Re1 Rxe1+ 47. Kxe1 Nc5 48. Bc7 Nxa4 49. Kd2 Ke6 50. f4 h5 51. Kc1 g6 52. Kc2 Kd5 53. Kd2 Kc5 54. Kc1 Kxb5 55. Kb1 Kc6 56. Bd8 Kd7 57. Bf6 b5 58. Ka2 Nc3+ 0-1

[Event "Sao Paulo op-C U1700 6th"]
[Site "Sao Paulo"]
[Date "2017.04.15"]
[Round "4"]
[White "Ohara, Matheus Kendi"]
[Black "Da Costa, Carlos Henrique Luz"]
[Result "1-0"]
[WhiteElo "1580"]
[BlackElo "1554"]
[PlyCount "39"]
[EventDate "2017.04.14"]
[EventType "swiss"]
[EventRounds "6"]
[EventCountry "BRA"]
[SourceTitle "EXT 2019"]
[Source "ChessBase"]
[SourceDate "2018.10.10"]
[SourceVersion "1"]
[SourceVersionDate "2018.10.10"]
[SourceQuality "1"]

1. e4 e6 2. d4 d5 3. e5 c5 4. c3 Nc6 5. Nf3 Qb6 6. Bd3 cxd4 7. cxd4 Nge7 8. 0-0 Nf5 9. Bxf5 exf5 10. Nc3 Be7 11. Nxd5 Qd8 12. Nxe7 Qxe7 13. d5 Nd8 14. Bg5 Qd7 15. e6 fxe6 16. Ne5 Qd6 17. Qh5+ Kf8 18. Ng6+ Kg8 19. Nxh8 Kxh8 20. Qe8+ 1-0

[Event "Sao Paulo-C U1700 op 5th"]
[Site "Sao Paulo"]
[Date "2016.10.16"]
[Round "5.17"]
[White "Itagyba, Renan Fortes"]
[Black "Ohara, Matheus Kendi"]
[Result "1-0"]
[WhiteElo "1663"]
[BlackElo "1800"]
[PlyCount "61"]
[EventDate "2016.10.13"]
[EventType "swiss"]
[EventRounds "6"]
[EventCountry "BRA"]
[SourceTitle "EXT 2022"]
[Source "ChessBase"]
[SourceDate "2021.10.06"]
[SourceVersion "1"]
[SourceVersionDate "2021.10.06"]
[SourceQuality "1"]

1. c4 e5 2. Nc3 Nc6 3. g3 Nf6 4. Bg2 Be7 5. Nf3 d5 6. cxd5 Nxd5 7. d3 Nb6 8. 0-0 0-0 9. a3 Be6 10. b4 a5 11. b5 Nd4 12. Nxe5 Bf6 13. Nc4 Nxb5 14. Nxb5 Bxa1 15. Bf4 c6 16. Bc7 Qf6 17. Nxb6 Ra6 18. Qxa1 Qxa1 19. Rxa1 cxb5 20. Nd5 Re8 21. Bf4 Bxd5 22. Bxd5 Rxe2 23. Bxb7 Rb6 24. Bf3 Rc2 25. d4 h6 26. h4 Kf8 27. d5 b4 28. axb4 Rc8 29. bxa5 Ra6 30. d6 Rd8 31. Bb7 1-0

[Event "Sao Paulo-C U1700 op 5th"]
[Site "Sao Paulo"]
[Date "2016.10.15"]
[Round "4.25"]
[White "Ohara, Matheus Kendi"]
[Black "Da Costa, Carlos Henrique Luz"]
[Result "1-0"]
[WhiteElo "1800"]
[BlackElo "1544"]
[PlyCount "77"]
[EventDate "2016.10.13"]
[EventType "swiss"]
[EventRounds "6"]
[EventCountry "BRA"]
[SourceTitle "EXT 2022"]
[Source "ChessBase"]
[SourceDate "2021.10.06"]
[SourceVersion "1"]
[SourceVersionDate "2021.10.06"]
[SourceQuality "1"]

1. e4 Nf6 2. e5 Nd5 3. d4 e6 4. Bd3 Be7 5. c3 d6 6. Qg4 g6 7. f4 c5 8. Nf3 Nc6 9. Bd2 cxd4 10. cxd4 Qb6 11. Nc3 dxe5 12. Na4 Qd8 13. fxe5 Ndb4 14. Bb1 h5 15. Qe4 Qd5 16. Nc3 Qxe4+ 17. Bxe4 f5 18. exf6 Bxf6 19. a3 Nd5 20. Bxg6+ Kf8 21. 0-0 Kg7 22. Be4 Nxd4 23. Nxd5 exd5 24. Bd3 Nxf3+ 25. Rxf3 Bg4 26. Rff1 Bxb2 27. Rab1 Bd4+ 28. Kh1 b6 29. Bb4 Rh6 30. Rbc1 Rc8 31. Rxc8 Bxc8 32. Bf8+ Kg8 33. Bxh6 Bc5 34. Bg6 Be6 35. Rf6 Bg4 36. h3 Bc8 37. Rc6 Ba6 38. Rc7 b5 39. Rxc5 1-0

[Event "Sao Paulo-C U1700 op 5th"]
[Site "Sao Paulo"]
[Date "2016.10.15"]
[Round "3.23"]
[White "Silva, Cicero Tavares"]
[Black "Ohara, Matheus Kendi"]
[Result "1/2-1/2"]
[WhiteElo "1560"]
[BlackElo "1800"]
[PlyCount "135"]
[EventDate "2016.10.13"]
[EventType "swiss"]
[EventRounds "6"]
[EventCountry "BRA"]
[SourceTitle "EXT 2022"]
[Source "ChessBase"]
[SourceDate "2021.10.06"]
[SourceVersion "1"]
[SourceVersionDate "2021.10.06"]
[SourceQuality "1"]

1. d4 d5 2. c4 c6 3. Nc3 Nf6 4. cxd5 cxd5 5. Bg5 h6 6. Bxf6 exf6 7. Qb3 Be6 8. Qxb7 Nd7 9. Qb3 Rb8 10. Qc2 Qb6 11. e3 Bb4 12. Bd3 0-0 13. Nge2 Rfc8 14. 0-0 Bd6 15. Rab1 Qc7 16. f4 Nb6 17. Rfc1 Nc4 18. Bxc4 Qxc4 19. b3 Qa6 20. a4 Ba3 21. Rd1 Bb4 22. Qd3 Qxd3 23. Rxd3 Bf5 24. e4 dxe4 25. Re3 Rc6 26. Nd5 Bd6 27. Nec3 Re8 28. Rbe1 Be6 29. Nxe4 Rb8 30. Nxd6 Rxd6 31. Nc7 Rxd4 32. Nxe6 fxe6 33. g3 Rdb4 34. Rxe6 Rxb3 35. Re7 R3b7 36. Rxb7 Rxb7 37. Re4 Kf7 38. Kg2 a5 39. Kf3 h5 40. f5 g5 41. fxg6+ Kxg6 42. h4 Rb3+ 43. Kf4 Rb1 44. Rd4 Rf1+ 45. Ke4 Rg1 46. Kf4 Rf1+ 47. Ke4 Re1+ 48. Kf3 Rf1+ 49. Kg2 Ra1 50. g4 hxg4 51. Rxg4+ Kh5 52. Rf4 Ra3 53. Kh2 Ra2+ 54. Kg3 Ra3+ 55. Kf2 Rh3 56. Rxf6 Rxh4 57. Rf5+ Kg6 58. Rxa5 Kf7 59. Ke3 Ke7 60. Kd3 Kd6 61. Kc3 Kc6 62. Kb3 Kb6 63. Rb5+ Kc6 64. Rf5 Rh3+ 65. Kb4 Kb6 66. Rf6+ Kb7 67. a5 Rh4+ 68. Ka3 1/2-1/2

[Event "Sao Paulo-C U1700 op 5th"]
[Site "Sao Paulo"]
[Date "2016.10.13"]
[Round "1.36"]
[White "Kojima, Rodrigo Yosuke"]
[Black "Ohara, Matheus Kendi"]
[Result "0-1"]
[WhiteElo "1487"]
[BlackElo "1800"]
[PlyCount "72"]
[EventDate "2016.10.13"]
[EventType "swiss"]
[EventRounds "6"]
[EventCountry "BRA"]
[SourceTitle "EXT 2022"]
[Source "ChessBase"]
[SourceDate "2021.10.06"]
[SourceVersion "1"]
[SourceVersionDate "2021.10.06"]
[SourceQuality "1"]

1. d4 d5 2. Nf3 Bf5 3. Bf4 e6 4. e3 Nf6 5. Nbd2 h6 6. a3 Nbd7 7. Be2 c5 8. c4 Rc8 9. Rc1 Be7 10. Qb3 Qb6 11. Qc3 0-0 12. dxc5 Nxc5 13. b4 Nce4 14. Nxe4 Nxe4 15. Qb2 dxc4 16. Bxc4 a5 17. Ne5 Rfd8 18. 0-0 Bf6 19. f3 Nd2 20. Rfd1 Nxc4 21. Rxd8+ Qxd8 22. Qc3 Nb6 23. Qe1 Rxc1 24. Qxc1 axb4 25. axb4 Nd5 26. Bg3 Nxb4 27. e4 Qd4+ 28. Kf1 Bxe5 29. Qc8+ Kh7 30. Bxe5 Qxe5 31. exf5 Nd3 32. g3 Qe3 33. Qc2 Qxf3+ 34. Kg1 Qxf5 35. Qb3 Qf2+ 36. Kh1 Qf1# 0-1